Statistics for Word Scramble - English Counties

Click here to take the quiz!

General Stats

  • This quiz has been taken 503 times
    (397 since last reset)
  • The average score is 14 of 20

Answer Stats

ScrambleCounty% Correct
NEKTKent
97%
SEXESEssex
95%
YRRSEUSurrey
93%
DONEVDevon
88%
YMEERSISDEMerseyside
81%
TRELIECEESHISRLeicestershire
79%
RICEHESHCheshire
74%
FLKROONNorfolk
74%
NHDURNRMALOETBNorthumberland
73%
TESOSMERSomerset
73%
DRSTEODorset
71%
ISERGHCUSOTELERGloucestershire
66%
THILIWRESWiltshire
66%
BAUMCIRCumbria
64%
HEERRDSIBYDerbyshire
64%
XRSFDROOEIHOxfordshire
63%
KIBHERRESBerkshire
59%
ORBLISTBristol
58%
WOLCRLNACornwall
56%
LUTRDNARutland
49%

Score Distribution

Percentile by Number Answered

Percent of People with Each Score

Your Score History

You have not taken this quiz since the last reset